| 000 | 01049nam a2200253 4500 | ||
|---|---|---|---|
| 005 | 20251201164630.0 | ||
| 008 | 210323s2004 pe abo|fr|||| 001 0 spa d | ||
| 020 | _a9972623319 | ||
| 040 |
_aCENDOC CAAAP _bspa _cCAAAP |
||
| 041 | _aspa | ||
| 050 |
_aF 37.1 _bS21 V.4 |
||
| 245 | 0 | 0 |
_aGuía Etnográfica de la Alta Amazonía / _cFernando Santos y Frederica Barclay, editores |
| 250 | _a1ra ed. | ||
| 260 |
_aLima : _bSmithsonian Tropical Research Institute : _bInstituto Francés de Estudios Andinos, _c2004 |
||
| 300 |
_a368 p.: _bilustraciones, fotografías, mapas ; _c23 cm. |
||
| 505 | _aContiene : Prólogo -- Introducción -- Los Matsigenka -- Los Yánesha -- Apéndice: Abreviaturas de términos de parentesco -- Glosario regional -- Notas sobre los autores | ||
| 650 | 1 | 0 |
_9270 _aEtnografía _zAmazonía |
| 650 | 2 | 0 |
_aPueblo Matsiguenga _91784 |
| 650 | 2 | 0 |
_aPueblo Yánesha _91875 |
| 650 | 2 | 0 |
_aPoblación Indígena _985 |
| 700 | 1 |
_9720 _aSantos, Fernando _eeditor |
|
| 700 | 1 |
_9721 _aBarclay, Federica _eeditor |
|
| 942 |
_2lcc _b23 - 03 - 21 _cBK |
||
| 999 |
_c778 _d778 |
||